Every Teammate of Stephen Curry Quiz - Statistics

General Stats
  • This quiz has been taken 88 times
    29 since last reset
  • The average score is 61 of 155
Answer Stats
GP Answer % Correct
950 Draymond Green
96%
28 Jason Thompson
96%
208 Kevin Durant
96%
793 Klay Thompson
96%
57 JaMychal Green
93%
266 Jordan Poole
85%
307 Andrew Wiggins
81%
201 Damion Lee
78%
599 Kevon Looney
78%
452 Andre Iguodala
74%
327 David Lee
74%
68 Jimmy Butler
74%
181 Monta Ellis
74%
247 Andrew Bogut
70%
58 Chris Paul
70%
79 Jarrett Jack
70%
278 Jonathan Kuminga
70%
367 Shaun Livingston
70%
267 Gary Payton II
67%
139 Zaza Pachulia
67%
30 DeMarcus Cousins
63%
315 Moses Moody
63%
220 Brandin Podziemski
59%
33 D'Angelo Russell
59%
307 Harrison Barnes
59%
142 JaVale McGee
59%
20 Matt Barnes
59%
9 Stephen Jackson
59%
166 Trayce Jackson-Davis
59%
126 Buddy Hield
56%
141 David West
56%
147 Gui Santos
56%
69 Will Richard
56%
45 Al Horford
52%
49 Damian Jones
52%
29 Jeremy Lin
52%
15 Kristaps Porzingis
52%
107 Quinn Cook
52%
109 Quinten Post
52%
10 Seth Curry
52%
14 Nate Williams
48%
80 Nick Young
48%
128 Patrick McCaw
48%
111 Pat Spencer
48%
104 Reggie Williams
48%
36 Anderson Varejao
44%
19 Charlie Bell
44%
100 Eric Paschall
44%
57 Jacob Evans
44%
126 Jordan Bell
44%
36 Kyle Anderson
44%
227 Marreese Speights
44%
71 Nemanja Bjelica
44%
63 Otto Porter
44%
1 Raja Bell
44%
5 Charles Bassey
41%
55 De'Anthony Melton
41%
24 Dennis Schroder
41%
170 Festus Ezeli
41%
6 Ish Smith
41%
44 Jermaine O'Neal
41%
134 Leandro Barbosa
41%
18 L.J. Cryer
41%
172 Brandon Rush
37%
72 Donte DiVincenzo
37%
143 Ian Clark
37%
108 James McAdoo
37%
60 James Wiseman
37%
55 Kelly Oubre Jr.
37%
9 Kwame Brown
37%
78 Richard Jefferson
37%
45 Ty Jerome
37%
48 Alec Burks
33%
21 Brandan Wright
33%
24 Chris Wright
33%
64 Dario Saric
33%
143 Dorell Wright
33%
48 Glenn Robinson III
33%
22 Jerome Robinson
33%
73 Jonas Jerebko
33%
172 Kent Bazmore
33%
25 Malvy Leons
33%
61 Marquese Chriss
33%
67 Mychal Mulder
33%
51 Nate Robinson
33%
49 Omari Spellman
33%
31 Patrick Baldwin Jr.
33%
11 Quinndary Weatherspoon
33%
41 Willie Cauley-Stein
33%
72 Alfonzo McKinnie
30%
62 Anthony Lamb
30%
39 Brad Wanamaker
30%
3 Braxton Key
30%
34 Chris Chiozza
30%
70 Corey Maggette
30%
45 Devean George
30%
14 Kevin Knox
30%
38 Lindy Waters III
30%
11 Marcus Derrickson
30%
28 Steve Blake
30%
2 Yuri Collins
30%
192 Andris Biedrins
26%
69 Anthony Morrow
26%
7 Briante Weber
26%
98 Charles Jenkins
26%
60 Chris Hunter
26%
65 C.J. Watson
26%
26 Cory Joseph
26%
96 Ekpe Udoh
26%
15 Hilton Armstrong
26%
6 Jackson Rowe
26%
139 Juan Toscano-Anderson
26%
59 Justin Holiday
26%
41 Lester Quinones
26%
5 Malcolm Thomas
26%
30 Nico Mannion
26%
24 Toney Douglas
26%
6 Usman Garuba
26%
107 Vladimir Radmanovic
26%
45 Acie Law
22%
29 Alen Smailagic
22%
33 Anthony Randolph
22%
44 Anthony Tolliver
22%
81 Carl Landry
22%
9 Dragan Bender
22%
42 Jordan Crawford
22%
45 Ky Bowman
22%
46 Lou Amundson
22%
30 Mikki Moore
22%
24 Nemanja Nedovic
22%
37 Ognjen Kuzmic
22%
131 Omri Casspi
22%
25 Rodney Carney
22%
12 Ryan Rollins
22%
22 Al Thornton
19%
10 Cartier Martin
19%
4 Coby Karl
19%
28 Dan Gadzuric
19%
4 Dewayne Dedmon
19%
64 Dominic McGuire
19%
2 Earl Barron
19%
23 Jeff Adrien
19%
4 Jeff Dowtin
19%
62 Jeremy Tyler
19%
9 Kelenna Azubuike
19%
7 MarShon Brooks
19%
42 Ronny Turiaf
19%
1 Chris Boucher
11%
3 Keith Benson
11%
2 Reece Beekman
11%
18 Mickell Gladness
7%
9 Omer Yurtseven
7%
3 Chasson Randle
4%
3 Jeremy Pargo
4%
3 Zach Norvell
4%
No matching quizzes found
Score Distribution
Percent of People with Each Score
Percentile by Number Answered
Your Score History
You have not taken this quiz since the last reset